Tony-Winning Musicals by Any 3 Letters Quiz Stats

 Plays Quiz Updated Jun 10, 2019

Score 0/72 Timer 06:00
12 Plays Today
% Correct
The Lion King
93%
Phantom of the Opera
92.7%
The Sound of Music
91.8%
The King and I
90.9%
The Band's Visit
90.4%
A Funny Thing Happened on the Way to the Forum
90.2%
The Book of Mormon
90%
Kiss of the Spider Woman
89.5%
The Music Man
88.9%
Fiddler on the Roof
88.9%
In the Heights
88.6%
Billy Elliot, The Musical
88.4%
The Producers
87.9%
The Will Rogers Follies
87.4%
The Pajama Game
87.2%
The Wiz
87.1%
The Mystery of Edwin Drood
86.8%
A Gentleman's Guide to Love and Murder
84.1%
Sweeney Todd: The Demon Barber of Fleet Street
80.7%
Guys and Dolls
78.6%
Cats
77.4%
How To Succeed In Business Without Really Trying
73.4%
Hamilton
71.8%
Les Misérables
67.2%
La Cage Aux Folles
65.4%
Kinky Boots
62.4%
A Little Night Music
62%
South Pacific
62%
Two Gentlemen of Verona
61.7%
Dear Evan Hansen
61.5%
Hadestown
59.3%
Man of La Mancha
59%
42nd Street
58.5%
Rent
58.1%
Ain't Misbehavin'
57.3%
Monty Python's Spamalot
55.2%
% Correct
Spring Awakening
54.9%
Hairspray
51.8%
Cabaret
51.7%
Jerome Robbins' Broadway
51.6%
Crazy for You
50.6%
Hello, Dolly!
46.8%
A Chorus Line
46.6%
Thoroughly Modern Millie
46.2%
Fun Home
43.7%
Jersey Boys
43.3%
My Fair Lady
41.8%
Kiss Me, Kate
40.8%
Avenue Q
39.6%
Annie
38.9%
Company
37.5%
Sunset Boulevard
36.8%
Kismet
34.9%
Hallelujah, Baby!
34%
Wonderful Town
33.8%
Evita
31.6%
Big River
29.2%
City of Angels
28.7%
Fiorello!
28.4%
Titanic
27.9%
Contact
27.5%
Raisin
27%
Passion
26.2%
Once
25.4%
Nine
25%
1776
24.3%
Redhead
23.5%
Memphis
22.6%
Damn Yankees
22%
Bye Bye Birdie
21.7%
Applause
19.6%
Fosse
16.7%

You're not logged in!

Compare scores with friends on all Sporcle quizzes.
OR
Log In

Sporcle TV

Today on Sporcle TV


Watch our educational content, quiz creation guides, and fun videos on Sporcle TV.

Show Comments

Extras

Top Quizzes Today


Score Distribution

Your Account Isn't Verified!

In order to create a playlist on Sporcle, you need to verify the email address you used during registration. Go to your Sporcle Settings to finish the process.

Report this User

Report this user for behavior that violates our Community Guidelines.

Details: